Gravità, Stringhe e Particelle Una escursione nell’ignoto /

E' un libro che parla di fisica rivolgendosi a lettori che non hanno necessariamente una preparazione specifica in questo campo, ma sono comunque interessati a scoprire la novità, l'originalità e le possibili strane implicazioni di alcune sorprendenti idee utilizzate dalla fisica teorica m...

Full description

Bibliographic Details
Main Author: Gasperini, Maurizio (Author)
Corporate Author: SpringerLink (Online service)
Format: Electronic eBook
Language:Italian
Published: Milano : Springer Milan : Imprint: Springer, 2014.
Series:I Blu - Pagine di Scienza,
Subjects:
Online Access:Full Text via HEAL-Link
LEADER 03566nam a22005655i 4500
001 978-88-470-5535-3
003 DE-He213
005 20151204182948.0
007 cr nn 008mamaa
008 140820s2014 it | s |||| 0|ita d
020 |a 9788847055353  |9 978-88-470-5535-3 
024 7 |a 10.1007/978-88-470-5535-3  |2 doi 
040 |d GrThAP 
050 4 |a QC178 
050 4 |a QC173.5-173.65 
072 7 |a PHDV  |2 bicssc 
072 7 |a PHR  |2 bicssc 
072 7 |a SCI033000  |2 bisacsh 
082 0 4 |a 530.1  |2 23 
100 1 |a Gasperini, Maurizio.  |e author. 
245 1 0 |a Gravità, Stringhe e Particelle  |h [electronic resource] :  |b Una escursione nell’ignoto /  |c by Maurizio Gasperini. 
264 1 |a Milano :  |b Springer Milan :  |b Imprint: Springer,  |c 2014. 
300 |a X, 160 pagg.  |b online resource. 
336 |a text  |b txt  |2 rdacontent 
337 |a computer  |b c  |2 rdamedia 
338 |a online resource  |b cr  |2 rdacarrier 
347 |a text file  |b PDF  |2 rda 
490 1 |a I Blu - Pagine di Scienza,  |x 2239-7477 
505 0 |a Prefazione -- Notazioni -- Prologo: una "culla" fatta d'energia -- Gravità e piccole distanze -- Gravità a grandi distaze.- Lo spazio, il tempo e lo spaziotempo -- Stringhe e interazioni fondamentali -- Il passato più remoto del nostro Universo -- Conclusione -- Bibliografia. 
520 |a E' un libro che parla di fisica rivolgendosi a lettori che non hanno necessariamente una preparazione specifica in questo campo, ma sono comunque interessati a scoprire la novità, l'originalità e le possibili strane implicazioni di alcune sorprendenti idee utilizzate dalla fisica teorica moderna. Si può classificare come libro di divulgazione scientifica, ma di stampo piuttosto non convenzionale perchè si focalizza non solo ciò che è già noto ma anche - e soprattutto - su ciò che ancora è ignoto. Molte parti di questo libro sono infatti dedicate all'introduzione e all'illustrazione di modelli e risultati teorici che sono potenzialmente di importanza cruciale per una comprensione più profonda della Natura, ma che sono ancora in attesa di una definitiva conferma (o smentita) sperimentale. Da questo punto di vista il libro potrebbe avere interesse anche per i fisici di professione, specializzati o no nel campo della fisica teorica e delle interazioni fondamentali. La focalizzazione sui tre temi elencati nel titolo (gravità, stringhe e particelle) è principalmente motivata dal fatto che solo uno studio congiunto e approfondito di questi tre temi sembra in grado di fornirci la chiave di quello che probabilmente rappresenta uno dei più grandi ed affascinanti misteri della scienza attuale: oltre al tempo e alle tre dimensioni dello spazio, esistono altre dimensioni nel nostro Universo? In caso affermativo, quante sono? 
650 0 |a Physics. 
650 0 |a Mathematical physics. 
650 0 |a Quantum field theory. 
650 0 |a String theory. 
650 0 |a Gravitation. 
650 0 |a Cosmology. 
650 0 |a Astronomy. 
650 1 4 |a Physics. 
650 2 4 |a Classical and Quantum Gravitation, Relativity Theory. 
650 2 4 |a Popular Science in Astronomy. 
650 2 4 |a Quantum Field Theories, String Theory. 
650 2 4 |a Cosmology. 
650 2 4 |a Mathematical Physics. 
710 2 |a SpringerLink (Online service) 
773 0 |t Springer eBooks 
776 0 8 |i Printed edition:  |z 9788847055346 
830 0 |a I Blu - Pagine di Scienza,  |x 2239-7477 
856 4 0 |u http://dx.doi.org/10.1007/978-88-470-5535-3  |z Full Text via HEAL-Link 
912 |a ZDB-2-PHA 
950 |a Physics and Astronomy (Springer-11651)